| 000 | 00341nam a2200133 a 4500 | ||
|---|---|---|---|
| 001 | 4571 | ||
| 003 | CDMR | ||
| 005 | 20141015174729.0 | ||
| 008 | 130130s2003||||||||||||||||||||||||||||d | ||
| 040 |
_aCDMR _bcat _cCPC GIRONA |
||
| 245 | 0 |
_aFòrum Barcelona 2004 _bContinguts de programació |
|
| 260 |
_c2003 _bOficina del portaveu |
||
| 942 |
_cMON _2udc |
||
| 999 |
_c4571 _d4571 |
||